Geography Quiz

Random Geography or State Quiz
Score 0/50 Timer 20:00
0 Plays Today
% Correct
New York
95.4%
Florida
95%
California
94.3%
Texas
94.1%
Washington
93.3%
North Carolina
92.2%
Alaska
91.6%
South Carolina
91.4%
Alabama
90.6%
Hawaii
90.6%
North Dakota
89.9%
New Mexico
89.7%
South Dakota
89.3%
Georgia
88.5%
Maine
87.8%
Ohio
87.8%
Colorado
87%
Virginia
86.4%
Oregon
85.7%
Nevada
85.5%
Arizona
85.3%
Pennsylvania
85.3%
New Jersey
84.5%
Illinois
84.3%
Idaho
84.3%
% Correct
Michigan
84.1%
Arkansas
83.2%
Kansas
82.8%
Rhode Island
82.8%
Mississippi
82.6%
Utah
82.4%
Louisiana
81.8%
New Hampshire
81.6%
Massachusetts
81.1%
Tennessee
80.7%
West Virginia
80.3%
Kentucky
79.5%
Delaware
78.6%
Iowa
78.4%
Wyoming
78%
Maryland
77.1%
Minnesota
76.7%
Indiana
76.7%
Missouri
76.3%
Connecticut
75.3%
Oklahoma
74.8%
Vermont
74.6%
Montana
74.4%
Wisconsin
73.4%
Nebraska
72.5%
Remove Ads.
Support Sporcle.
Get the best of Sporcle when you Go Orange. This ad-free experience offers more features, more stats, and more fun while also helping to support Sporcle. Thank you for becoming a member.

You're not logged in!

Compare scores with friends on all Sporcle quizzes.
OR
Log In

Show Comments

Extras

Created Sep 19, 2013ReportNominate
Tags:State Quiz

Top Quizzes Today


Score Distribution

Your Account Isn't Verified!

In order to create a playlist on Sporcle, you need to verify the email address you used during registration. Go to your Sporcle Settings to finish the process.

Report this User

Report this user for behavior that violates our Community Guidelines.

Details: